Giáo trình cấu tạo kiến trúc
v.v...
Đã lưu trong:
| Tác giả chính: | |
|---|---|
| Định dạng: | Sách |
| Năm xuất bản: |
H.
Xây dựng
2007
|
| Chủ đề: | |
| Tags: |
Thêm thẻ
Không có thẻ, Hãy là người đầu tiên gắn thẻ bản ghi này!
|
| LEADER | 01184nam a2200205 4500 | ||
|---|---|---|---|
| 082 | |a 720 |b Gi108tr | ||
| 100 | |a Giáo viên bộ môn kiến trúc Trường Cao đẳng xây dựng số 1 | ||
| 245 | |a Giáo trình cấu tạo kiến trúc |c Giáo viên bộ môn kiên trúcTrường Cao đẳng xây dựng số 1 | ||
| 260 | |a H. |b Xây dựng |c 2007 | ||
| 300 | |a 232 tr. |c 31 cm | ||
| 500 | |a Đầu trang tên sách ghi: Bộ xây dựng. Trường Cao đẳng xây dựng số 1 | ||
| 520 | |a v.v... | ||
| 653 | |a Kiến trúc | ||
| 653 | |a Cấu tạo | ||
| 653 | |a Giáo trình | ||
| 942 | |2 ddc |c STK0 | ||
| 999 | |c 4318 |d 4318 | ||
| 952 | |0 0 |1 0 |2 ddc |4 0 |6 720_000000000000000_GI108TR |7 0 |8 700 |9 42994 |a qbu |b qbu |c D5 |d 2014-12-19 |g 46000 |o 720 Gi108tr |p 4610.c1 |r 0000-00-00 |w 2014-12-19 |y STK0 |0 0 |6 720_000000000000000_GI108TR | ||
| 952 | |0 0 |1 0 |2 ddc |4 0 |6 720_000000000000000_GI108TR |7 0 |8 700 |9 42995 |a qbu |b qbu |c D5 |d 2014-12-19 |g 46000 |o 720 Gi108tr |p 4610.c2 |r 0000-00-00 |w 2014-12-19 |y STK0 |0 0 |6 720_000000000000000_GI108TR | ||
| 952 | |0 0 |1 0 |2 ddc |4 0 |6 720_000000000000000_GI108TR |7 0 |8 700 |9 42996 |a qbu |b qbu |c D5 |d 2014-12-19 |g 46000 |o 720 Gi108tr |p 4610.c3 |r 0000-00-00 |w 2014-12-19 |y STK0 |0 0 |6 720_000000000000000_GI108TR | ||